000 00378nam a2200133 i 4500
001 bg
100 1 _aMŁODECKI, J.
245 0 _aNowe środki antyadhezyjne do form i deskowań stosowanych w prefabrykacji i budownictwie betonowym /
_cJ. Młodecki.
260 _aWarszawa,
_c1985.
040 _cBPK
041 _apol
942 _cKS
008 s pl f |000 0 pol
999 _c22935
_d22935
856 _uhttp://koha.tu.koszalin.pl/cgi-bin/koha/opac-detail.pl?biblionumber=22935
_yKatalog online BPK